<?xml version="1.0" encoding="UTF-8"?>
<record
    xmlns:xsi="http://www.w3.org/2001/XMLSchema-instance"
    xsi:schemaLocation="http://www.loc.gov/MARC21/slim http://www.loc.gov/standards/marcxml/schema/MARC21slim.xsd"
    xmlns="http://www.loc.gov/MARC21/slim">

  <leader>02614nkc a22003017a 4500</leader>
  <controlfield tag="001">85857</controlfield>
  <controlfield tag="005">20260430092936.0</controlfield>
  <controlfield tag="007">kh bo </controlfield>
  <controlfield tag="008">260430s1890    sp ||||| |||| |0| i|spa d</controlfield>
  <datafield tag="040" ind1=" " ind2=" ">
    <subfield code="a">M-RABA</subfield>
    <subfield code="b">spa</subfield>
    <subfield code="c">M-RABA</subfield>
  </datafield>
  <datafield tag="245" ind1="0" ind2="1">
    <subfield code="a">[Catedral de Santa Mar&#xED;a de Tudela</subfield>
    <subfield code="b">: vistas interiores y exteriores]</subfield>
    <subfield code="h">[Material gr&#xE1;fico]</subfield>
  </datafield>
  <datafield tag="260" ind1=" " ind2=" ">
    <subfield code="a">: Navarra</subfield>
    <subfield code="c">[ca.1890]</subfield>
  </datafield>
  <datafield tag="300" ind1=" " ind2=" ">
    <subfield code="a">7 fotograf&#xED;as</subfield>
    <subfield code="b">: aristotipo</subfield>
    <subfield code="c">, imagen 23,5 x 18 cm</subfield>
  </datafield>
  <datafield tag="500" ind1="0" ind2="0">
    <subfield code="a">Conjunto de fotograf&#xED;as que representan diferentes vistas de la Catedral de Santa Mar&#xED;a de Tudela en Navarra.</subfield>
  </datafield>
  <datafield tag="500" ind1="0" ind2="0">
    <subfield code="a">Nota manuscrita a l&#xE1;piz al verso de las im&#xE1;genes:
Fot-815: Sin nota manuscrita. Vista de la Puerta del Juicio - Oeste. Catedral de Tudela (Navarra).
Fot-816: "Tudela (Navarra). Torre de --". Esta torre no corresponde a la Catedral, sino a la Iglesia de Santa Mar&#xED;a Magdalena en Tudela.
Fot-817: "Catedral de Tudela. Navarra. Coro (lado ep&#xED;stola).
Fot-818: "Catedral de Tudela (Navarra)". Vista de Puerta de Santa Mar&#xED;a - Norte.
Fot-819: "Catedral de Tudela (interior). Crucero".
Fot-820: "Tudela (Navarra). Portada de S.". Refiri&#xE9;ndose a Puerta del portal o la de la Virgen - Sur.
Fot-821: "Parte central del coro de la Catedral de Tudela. Navarra".</subfield>
  </datafield>
  <datafield tag="610" ind1="2" ind2="7">
    <subfield code="a">Catedral de Tudela</subfield>
    <subfield code="9">71393</subfield>
  </datafield>
  <datafield tag="651" ind1=" " ind2="7">
    <subfield code="a">Tudela (Navarra, Espa&#xF1;a)</subfield>
    <subfield code="9">4755</subfield>
  </datafield>
  <datafield tag="655" ind1=" " ind2="0">
    <subfield code="a">Fotograf&#xED;as de monumentos</subfield>
    <subfield code="9">111580</subfield>
  </datafield>
  <datafield tag="852" ind1=" " ind2=" ">
    <subfield code="j">Fot-815; Fot-816; Fot-817; Fot-818; Fot-819; Fot-820; Fot-821</subfield>
  </datafield>
  <datafield tag="856" ind1=" " ind2=" ">
    <subfield code="u">https://archivoybiblioteca.realacademiabellasartessanfernando.com/cgi-bin/koha/opac-retrieve-file.pl?id=b4ee3691f329dc87a12054a2e4bc7683</subfield>
    <subfield code="y">Fot-815</subfield>
  </datafield>
  <datafield tag="856" ind1=" " ind2=" ">
    <subfield code="u">https://archivoybiblioteca.realacademiabellasartessanfernando.com/cgi-bin/koha/opac-retrieve-file.pl?id=7dd6526a7ce369eb0e829656a5f225bb</subfield>
    <subfield code="y">Fot-816</subfield>
  </datafield>
  <datafield tag="856" ind1=" " ind2=" ">
    <subfield code="u">https://archivoybiblioteca.realacademiabellasartessanfernando.com/cgi-bin/koha/opac-retrieve-file.pl?id=f8869d105cd8ac994bfef015dc0209c5</subfield>
    <subfield code="y">Fot-817</subfield>
  </datafield>
  <datafield tag="856" ind1=" " ind2=" ">
    <subfield code="u">https://archivoybiblioteca.realacademiabellasartessanfernando.com/cgi-bin/koha/opac-retrieve-file.pl?id=db73d666b2c3550ed7d91afd5623344e</subfield>
    <subfield code="y">Fot-818</subfield>
  </datafield>
  <datafield tag="856" ind1=" " ind2=" ">
    <subfield code="u">https://archivoybiblioteca.realacademiabellasartessanfernando.com/cgi-bin/koha/opac-retrieve-file.pl?id=a2add0c9980ab18359e1c45828785189</subfield>
    <subfield code="y">Fot-819</subfield>
  </datafield>
  <datafield tag="856" ind1=" " ind2=" ">
    <subfield code="u">https://archivoybiblioteca.realacademiabellasartessanfernando.com/cgi-bin/koha/opac-retrieve-file.pl?id=58bb52867bbeac0f14356b0bbee09ea0</subfield>
    <subfield code="y">Fot-820</subfield>
  </datafield>
  <datafield tag="856" ind1=" " ind2=" ">
    <subfield code="u">https://archivoybiblioteca.realacademiabellasartessanfernando.com/cgi-bin/koha/opac-retrieve-file.pl?id=e81445dc6dcf9b22b7f8aaa3c8010048</subfield>
    <subfield code="y">Fot-821</subfield>
  </datafield>
  <datafield tag="942" ind1=" " ind2=" ">
    <subfield code="c">FOTOGRAF&#xCD;A</subfield>
    <subfield code="n">0</subfield>
  </datafield>
  <datafield tag="952" ind1=" " ind2=" ">
    <subfield code="0">0</subfield>
    <subfield code="1">0</subfield>
    <subfield code="2">ddc</subfield>
    <subfield code="4">0</subfield>
    <subfield code="7">0</subfield>
    <subfield code="8">FOTOGRAFIA</subfield>
    <subfield code="a">RABASF</subfield>
    <subfield code="b">RABASF</subfield>
    <subfield code="c">DP2</subfield>
    <subfield code="d">2026-04-30</subfield>
    <subfield code="l">0</subfield>
    <subfield code="o">Fot-817</subfield>
    <subfield code="p">1097155</subfield>
    <subfield code="r">2026-04-30 09:29:56</subfield>
    <subfield code="w">2026-04-30</subfield>
    <subfield code="y">FOTOGRAF&#xCD;A</subfield>
  </datafield>
  <datafield tag="952" ind1=" " ind2=" ">
    <subfield code="0">0</subfield>
    <subfield code="1">0</subfield>
    <subfield code="2">ddc</subfield>
    <subfield code="4">0</subfield>
    <subfield code="7">0</subfield>
    <subfield code="8">FOTOGRAFIA</subfield>
    <subfield code="a">RABASF</subfield>
    <subfield code="b">RABASF</subfield>
    <subfield code="c">DP2</subfield>
    <subfield code="d">2026-04-30</subfield>
    <subfield code="l">0</subfield>
    <subfield code="o">Fot-818</subfield>
    <subfield code="p">1097156</subfield>
    <subfield code="r">2026-04-30 09:29:56</subfield>
    <subfield code="w">2026-04-30</subfield>
    <subfield code="y">FOTOGRAF&#xCD;A</subfield>
  </datafield>
  <datafield tag="952" ind1=" " ind2=" ">
    <subfield code="0">0</subfield>
    <subfield code="1">0</subfield>
    <subfield code="2">ddc</subfield>
    <subfield code="4">0</subfield>
    <subfield code="7">0</subfield>
    <subfield code="8">FOTOGRAFIA</subfield>
    <subfield code="a">RABASF</subfield>
    <subfield code="b">RABASF</subfield>
    <subfield code="c">DP2</subfield>
    <subfield code="d">2026-04-30</subfield>
    <subfield code="l">0</subfield>
    <subfield code="o">Fot-819</subfield>
    <subfield code="p">1097157</subfield>
    <subfield code="r">2026-04-30 09:29:56</subfield>
    <subfield code="w">2026-04-30</subfield>
    <subfield code="y">FOTOGRAF&#xCD;A</subfield>
  </datafield>
  <datafield tag="952" ind1=" " ind2=" ">
    <subfield code="0">0</subfield>
    <subfield code="1">0</subfield>
    <subfield code="2">ddc</subfield>
    <subfield code="4">0</subfield>
    <subfield code="7">0</subfield>
    <subfield code="8">FOTOGRAFIA</subfield>
    <subfield code="a">RABASF</subfield>
    <subfield code="b">RABASF</subfield>
    <subfield code="c">DP2</subfield>
    <subfield code="d">2026-04-30</subfield>
    <subfield code="l">0</subfield>
    <subfield code="o">Fot-820</subfield>
    <subfield code="p">1097158</subfield>
    <subfield code="r">2026-04-30 09:29:56</subfield>
    <subfield code="w">2026-04-30</subfield>
    <subfield code="y">FOTOGRAF&#xCD;A</subfield>
  </datafield>
  <datafield tag="952" ind1=" " ind2=" ">
    <subfield code="0">0</subfield>
    <subfield code="1">0</subfield>
    <subfield code="2">ddc</subfield>
    <subfield code="4">0</subfield>
    <subfield code="7">0</subfield>
    <subfield code="8">FOTOGRAFIA</subfield>
    <subfield code="a">RABASF</subfield>
    <subfield code="b">RABASF</subfield>
    <subfield code="c">DP2</subfield>
    <subfield code="d">2026-04-30</subfield>
    <subfield code="l">0</subfield>
    <subfield code="o">Fot-821</subfield>
    <subfield code="p">1097159</subfield>
    <subfield code="r">2026-04-30 09:29:56</subfield>
    <subfield code="w">2026-04-30</subfield>
    <subfield code="y">FOTOGRAF&#xCD;A</subfield>
  </datafield>
  <datafield tag="999" ind1=" " ind2=" ">
    <subfield code="c">85857</subfield>
    <subfield code="d">85857</subfield>
  </datafield>
</record>
